000 00991nam0a22002531 4500
001 rc\558772
005 20260407113500.0
035 _a(NLR Aleph) 005793986
090 _a5226468
_c5226468
100 _a20030616d1987 |||y0rusy50 ca
101 0 _arus
102 _aRU
105 _aa |||||||||
200 1 _aКачественные и аналитические методы в динамике систем
_eСб. науч. тр.
_fСамарк. гос. ун-т им. Алишера Навои
_g[Редкол.: Ш.Р. Шарипов (отв. ред.) и др.]
210 _aСамарканд
_cСамГУ
_d1987
215 _a95 с.
_cил.
_d20
320 _aБиблиогр. в конце ст.
702 1 _aШарипов
_bШ.Р.
_4340
712 0 2 _aСамаркандский университет им. Алишера Навои
_9382930
_3RU\NLR\AUTH\889943875
801 0 _aRU
_bNLR
_gpsbo
801 1 _aRU
_bELAR
_2rusmarc
852 _aNLR
_j88-4/139
942 _cBOOK
980 _aNB